Watching for the wind ; the seen and unseen influences on local weather /

Bibliographic Details
Main Author: Edinger, James G.
Format: Book
Language:English
Published: Garden City, N.Y. : Doubleday, 1967.
Edition:[1st ed.].
Subjects:

MARC

Tag First Indicator Second Indicator Subfields
LEADER 00000cam a22000001 4500
001 in00000448939
005 20151012084930.0
008 731212s1967 nyuad 00010 eng
010 |a  66024874  
035 |a (OCoLC)01562470 
035 |9 ABY2236AM 
040 |a DLC  |c DLC  |d TXA  |d UtOrBLW 
049 |a TXAM  |c [465486] 
050 0 0 |a QC863  |b .E3 
082 0 |a 551.518 
092 |a 551.51  |b E23w, 1967 
100 1 |a Edinger, James G. 
245 1 0 |a Watching for the wind ;  |b the seen and unseen influences on local weather /  |c [by] James G. Edinger. 
250 |a [1st ed.]. 
264 1 |a Garden City, N.Y. :  |b Doubleday,  |c 1967. 
300 |a 148 pages :  |b illustrations, charts. ;  |c 22 cm. 
336 |a text  |b txt  |2 rdacontent 
337 |a unmediated  |b n  |2 rdamedia 
338 |a volume  |b nc  |2 rdacarrier 
650 0 |a Weather. 
999 |a MARS 
999 f f |s 0a81eba9-7a9f-3285-8580-c3c6a3e05ec6  |i 64f5db53-aece-372c-b15c-2de3e16ab73e  |t 0 
952 f f |p ric  |a Texas A&M University  |b Rellis Campus  |c Joint Library Facility  |d Remote Storage  |t 0  |e QC863 .E3  |h Library of Congress classification  |i unmediated -- volume  |m A14800954599 
998 f f |a QC863 .E3  |t 0  |l Remote Storage